Music General Knowledge #2 - Statistics

General Stats
  • This quiz has been taken 31,313 times
  • The average score is 11 of 20
Answer Stats
Question Answer % Correct
What was Michael Jackson's signature dance move? The Moonwalk
97%
On what island did reggae originate? Jamaica
89%
What Christmas ballet was composed by Pyotr Ilyich Tchaikovsky? The Nutcracker
80%
What annual song contest do most European countries participate in? Eurovision
71%
Who died of alcohol poisoning in 2011 at age 27? Amy Winehouse
69%
In the cover art to the album "Nevermind", what is the baby in the pool reaching out to grab? a Dollar Bill
64%
What country are Robyn, Ace of Base, and ABBA from? Sweden
64%
What singer was discovered in 2007 by Scooter Braun? (although some wish he hadn't been) Justin Bieber
63%
Who are the two most famous jazz trumpeters of all time? Louis Armstrong
63%
What is either a type of South American drum or a dance where people form a line? Conga
60%
Who famously sang "Over the Rainbow" in 1939? Judy Garland
58%
Whose music video are you watching if you get "Rickrolled"? Rick Astley's
57%
What Italian craftsman, born in 1644, crafted violins that are now worth millions of dollars each? Antonio Stradivari
42%
What Spanish music form often features palmas (clapping) and pitos (finger snapping)? Flamenco
41%
What heavy metal band has a one-armed drummer? Def Leppard
38%
Who partnered with Jay-Z to record "Watch the Throne"? Kanye West
38%
Who are the two most famous jazz trumpeters of all time? Miles Davis
33%
What singer became a California congressperson before dying in a ski accident? Sonny Bono
28%
What red-headed country singer sang "On the Road Again" and "Roll Me Up and Smoke Me When I Die"? Willie Nelson
24%
What type of musical instrument has a chanter and a drone? Bagpipes
18%
No matching quizzes found
Score Distribution
Percent of People with Each Score
Percentile by Number Answered
Your Score History
You have not taken this quiz